[Event "IV Torneo A Natale Vomero"]
[Site "Napoli ITA"]
[Date "2007.12.20"]
[Round "6"]
[White "Chiummo, Sergio"]
[Black "Longobardi, Giuseppe"]
[Result "0-1"]
[WhiteElo "1939"]
[BlackElo "2017"]
[PlyCount "98"]
[EventDate "2007.11.15"]

1. c4 e5 2. Nc3 Nc6 3. g3 g6 4. Bg2 Bg7 5. e3 d6 6. Nge2 f5 7. d3 Nf6 8. Rb1 a5
9. b3 O-O 10. O-O Rb8 11. a3 Ne7 12. Bb2 g5 13. h3 c6 14. b4 axb4 15. axb4 Ng6
16. Bc1 Nh5 17. b5 Bd7 18. Ba3 c5 19. Nd5 f4 20. exf4 exf4 21. Nec3 Nf6 22. Ne4
Nxd5 23. cxd5 f3 24. Bxf3 Bxh3 25. Re1 Bd4 26. Bb2 Ne5 27. Bh1 Bg4 28. Qd2 Bxb2
29. Rxb2 h6 30. Re3 Bf3 31. Qc3 Bxe4 32. Bxe4 Qf6 33. Qc2 g4 34. Bh7+ Kh8 35.
d4 cxd4 36. Rxe5 Qxe5 37. Qg6 Qf6 38. Re2 Qxg6 39. Bxg6 Rf6 40. Bd3 Rbf8 41.
Re7 R8f7 42. Re8+ Kg7 43. Re2 Rc7 44. Kg2 b6 45. Re4 h5 46. Rxd4 Rc3 47. Bb1
Rb3 48. Bc2 Rxb5 49. Ba4 Rb2 0-1

[Event "IV Torneo A Natale Vomero"]
[Site "Napoli ITA"]
[Date "2007.12.20"]
[Round "6"]
[White "De Rosa, Francesco"]
[Black "Improta, Giovanni"]
[Result "0-1"]
[WhiteElo "1911"]
[BlackElo "1918"]
[PlyCount "140"]
[EventDate "2007.11.15"]

1. e4 g6 2. d4 c5 3. Nf3 Bg7 4. Bc4 a6 5. a4 Nc6 6. c3 cxd4 7. cxd4 Nf6 8. Nc3
Qb6 9. e5 Ng4 10. O-O Nh6 11. Nd5 Qd8 12. Bg5 Ng8 13. Qd2 h6 14. Be3 e6 15. Nc3
Nge7 16. Rac1 Nf5 17. Rfd1 Nh4 18. Nxh4 Qxh4 19. Bf4 b6 20. Ne4 O-O 21. Nd6 Na5
22. Ba2 Nc6 23. Rc3 Nb4 24. Bg3 Qe7 25. Rxc8 Nxa2 26. Rxf8+ Bxf8 27. b4 Nxb4
28. Qxb4 Qd8 29. Rc1 h5 30. Bf4 b5 31. axb5 axb5 32. Qxb5 Bxd6 33. exd6 Qf6 34.
Be5 Qg5 35. Qc5 h4 36. Qc8+ Kh7 37. Qc3 f6 38. f4 Qf5 39. Qe1 Kg7 40. Rc7 Rd8
41. d5 fxe5 42. dxe6 Qxe6 43. fxe5 Qg4 44. h3 Qd4+ 45. Kh2 Kh6 46. Qc3 Qf4+ 47.
Kg1 g5 48. Rb7 Rf8 49. Rb4 Qf1+ 50. Kh2 Rf2 51. Rg4 Rf4 52. Rxf4 Qxf4+ 53. Kg1
Qf5 54. Qe3 Kg6 55. Kh2 Kf7 56. Qb3+ Qe6 57. Qf3+ Kg6 58. Qe4+ Qf5 59. Qd4 Kf7
60. g4 Qc2+ 61. Kg1 Ke6 62. Qe3 Qd1+ 63. Kf2 Qc2+ 64. Ke1 Qb1+ 65. Kd2 Qb2+ 66.
Kd3 Qxe5 67. Qe4 Kxd6 68. Qg6+ Kc5 69. Qf5 Qxf5+ 70. gxf5 Kd5 0-1

[Event "IV Torneo A Natale Vomero"]
[Site "Napoli ITA"]
[Date "2007.12.20"]
[Round "6"]
[White "Gallo, Thomas Renato"]
[Black "Colucci, Stefano"]
[Result "0-1"]
[WhiteElo "1896"]
[BlackElo "1957"]
[PlyCount "58"]
[EventDate "2007.11.15"]

1. d4 d5 2. Nf3 Nf6 3. g3 b6 4. Bg2 Bb7 5. O-O e6 6. c3 c5 7. Bg5 Be7 8. Nbd2
Nc6 9. Re1 O-O 10. a4 cxd4 11. Nxd4 Nxd4 12. cxd4 Rc8 13. Rc1 Qd7 14. Nf3 h6
15. Rxc8 Rxc8 16. Ne5 Qd8 17. Bd2 Nd7 18. f4 Nf6 19. Qb3 Ne4 20. Bb4 Bxb4 21.
Qxb4 Rc2 22. Bxe4 dxe4 23. e3 Qc7 24. Qa3 Rc1 25. Rxc1 Qxc1+ 26. Kg2 Ba6 27.
Kh3 Bf1+ 28. Kh4 Qc2 29. Ng4 Qg2 0-1

[Event "IV Torneo A Natale Vomero"]
[Site "Napoli ITA"]
[Date "2007.12.20"]
[Round "6"]
[White "Iodice, Fabio"]
[Black "Esposito, Rosario"]
[Result "1/2-1/2"]
[WhiteElo "1961"]
[BlackElo "1877"]
[PlyCount "36"]
[EventDate "2007.11.15"]

1. d4 Nf6 2. Nf3 g6 3. Bf4 Bg7 4. Nbd2 d5 5. h3 O-O 6. e3 c5 7. c3 c4 8. Be2
Nc6 9. O-O b5 10. Ne5 Nxe5 11. Bxe5 Bf5 12. Bf3 Ne8 13. Bxg7 Kxg7 14. e4 dxe4
15. Nxe4 Bxe4 16. Bxe4 Rb8 17. Qe2 Nf6 18. Bf3 Qd6 1/2-1/2

[Event "IV Torneo A Natale Vomero"]
[Site "Napoli ITA"]
[Date "2007.12.20"]
[Round "6"]
[White "Pinto, Gaetano"]
[Black "Schiappoli, Dario"]
[Result "1-0"]
[WhiteElo "2066"]
[BlackElo "1929"]
[PlyCount "80"]
[EventDate "2007.11.15"]

1. d4 Nf6 2. Nf3 c5 3. c3 b6 4. Bf4 d6 5. e3 Nbd7 6. h3 g6 7. Nbd2 Bb7 8. Be2
Bg7 9. O-O O-O 10. a4 Nh5 11. Bh2 f5 12. Ng5 Rf6 13. Qb3+ d5 14. Bf3 e6 15. Be5
Nxe5 16. dxe5 Bh6 17. exf6 Bxg5 18. a5 Bc6 19. axb6 Rb8 20. Rxa7 Rxb6 21. f7+
Kf8 22. Qa3 Be7 23. Ra1 Nf6 24. c4 g5 25. Nb3 g4 26. hxg4 fxg4 27. Nxc5 Qd6 28.
Rxe7 Qxe7 29. Nxe6+ Kxf7 30. Ng5+ Kf8 31. Bxd5 Nxd5 32. cxd5 Bxd5 33. Nxh7+ Kf7
34. Qxe7+ Kxe7 35. Ra7+ Bb7 36. Ng5 Rxb2 37. Ne4 Kf8 38. Ra4 Bc6 39. Rc4 Bb7
40. Nd6 Ba6 1-0

[Event "IV Torneo A Natale Vomero"]
[Site "Napoli ITA"]
[Date "2007.12.20"]
[Round "6"]
[White "Rosato, Luciano"]
[Black "Benedetto, Massimo"]
[Result "1-0"]
[WhiteElo "2216"]
[BlackElo "2032"]
[PlyCount "108"]
[EventDate "2007.11.15"]

1. Nf3 Nf6 2. d4 g6 3. c4 Bg7 4. Nc3 O-O 5. e4 d6 6. Be2 e5 7. O-O Nc6 8. d5
Ne7 9. Ne1 Nd7 10. Nd3 f5 11. Bd2 Nf6 12. f3 f4 13. g4 fxg3 14. hxg3 a6 15. Kg2
Bd7 16. Rh1 b5 17. c5 Qe8 18. c6 Bc8 19. a4 Rb8 20. axb5 axb5 21. Nb4 Qf7 22.
Be3 g5 23. Ra7 g4 24. fxg4 Qg6 25. Rxc7 Nxe4 26. Rxe7 Nxc3 27. bxc3 Qe4+ 28.
Bf3 Qxe3 29. Qd3 Qxd3 30. Nxd3 Ra8 31. Nb4 Ra3 32. Be4 h6 33. g5 hxg5 34. Bh7+
Kh8 35. Rc7 Ra8 36. Bf5+ Kg8 37. Bxc8 Raxc8 38. Rxc8 Rxc8 39. Kf3 e4+ 40. Kxe4
Bxc3 41. Rb1 Re8+ 42. Kd3 Be5 43. g4 Kf7 44. Nc2 Rb8 45. Nd4 b4 46. Rb3 Bxd4
47. Kxd4 Kf6 48. Rf3+ Kg6 49. Kc4 Kg7 50. Rb3 Kf6 51. Rxb4 Rc8 52. Rb7 Ke5 53.
Rf7 Ra8 54. Rf5+ Ke4 1-0

[Event "IV Torneo A Natale Vomero"]
[Site "Napoli ITA"]
[Date "2007.12.27"]
[Round "7"]
[White "Colucci, Stefano"]
[Black "Capozzoli, Silvio"]
[Result "1-0"]
[WhiteElo "1957"]
[BlackElo "1972"]
[PlyCount "79"]
[EventDate "2007.11.15"]

1. e4 e5 2. Nf3 Nc6 3. Bb5 Nf6 4. O-O Bc5 5. c3 O-O 6. d4 Bb6 7. Re1 d6 8. h3
Bd7 9. Bg5 Qe8 10. Bxf6 gxf6 11. d5 Ne7 12. Bxd7 Qxd7 13. Nbd2 Kh8 14. Nh4 Rg8
15. Qf3 f5 16. exf5 f6 17. Nc4 Rg5 18. Nxb6 axb6 19. g4 Rag8 20. Kh2 Qb5 21.
Rad1 Qxb2 22. Re2 Qb5 23. Qe4 R5g7 24. c4 Qa4 25. Rde1 Qe8 26. Qe3 Qf7 27. Qh6
Ra8 28. Nf3 Ra3 29. Nd4 Ng8 30. Qc1 Rxh3+ 31. Kxh3 exd4 32. Re4 h5 33. Rh1 Rg5
34. Kg3 Nh6 35. f3 Nxf5+ 36. Kf2 Qg7 37. gxf5 Rg2+ 38. Kf1 Rxa2 39. Rxh5+ Kg8
40. Rg4 1-0

[Event "IV Torneo A Natale Vomero"]
[Site "Napoli ITA"]
[Date "2007.12.27"]
[Round "7"]
[White "De Rosa, Francesco"]
[Black "Gallo, Thomas Renato"]
[Result "1-0"]
[WhiteElo "1911"]
[BlackElo "1896"]
[PlyCount "57"]
[EventDate "2007.11.15"]

1. e4 e6 2. d4 d5 3. Nc3 Nf6 4. e5 Nfd7 5. f4 c5 6. Nf3 Nc6 7. Be3 Be7 8. Be2
cxd4 9. Nxd4 Nxd4 10. Bxd4 a6 11. O-O O-O 12. a3 Qc7 13. Kh1 f6 14. Bg4 Nb6 15.
Qd3 Bd7 16. Bxb6 Qxb6 17. Nxd5 Qc5 18. Nxf6+ gxf6 19. Qxd7 Rad8 20. Qxe6+ Kh8
21. b4 Qc7 22. Bf5 Rd2 23. Rad1 Rxd1 24. Rxd1 b5 25. h3 Rg8 26. Be4 fxe5 27.
fxe5 Bh4 28. Rd7 Qc3 29. Rxh7# 1-0

[Event "IV Torneo A Natale Vomero"]
[Site "Napoli ITA"]
[Date "2007.12.27"]
[Round "7"]
[White "Della Ragione, Achille"]
[Black "Longobardi, Giuseppe"]
[Result "0-1"]
[WhiteElo "1997"]
[BlackElo "2017"]
[PlyCount "72"]
[EventDate "2007.11.15"]

1. c4 f5 2. d4 Nf6 3. Nc3 e6 4. g3 c6 5. Nf3 d5 6. b3 Bd6 7. Bg2 O-O 8. O-O Qe8
9. Bb2 Qh5 10. e3 Nbd7 11. Nh4 Qh6 12. cxd5 Nxd5 13. Nxd5 exd5 14. f4 Qe6 15.
Re1 Nf6 16. Nf3 Bd7 17. a3 a5 18. Ne5 Rfc8 19. Rc1 Qe7 20. Ra1 Be8 21. Bf3 Bd7
22. h3 Be6 23. Kf2 c5 24. g4 cxd4 25. exd4 Rc7 26. Re2 Ne4+ 27. Bxe4 Qh4+ 28.
Kg2 Bxe5 29. dxe5 dxe4 30. Qd6 Rc6 31. Qd2 fxg4 32. hxg4 Qxg4+ 33. Kh1 Qf3+ 34.
Kg1 Bxb3 35. Qe3 Rg6+ 36. Kh2 Rh6+ 0-1

[Event "IV Torneo A Natale Vomero"]
[Site "Napoli ITA"]
[Date "2007.12.27"]
[Round "7"]
[White "Esposito, Rosario"]
[Black "Ricci, Giuseppe"]
[Result "1-0"]
[WhiteElo "1877"]
[BlackElo "1941"]
[PlyCount "103"]
[EventDate "2007.11.15"]

1. d4 d5 2. c4 c6 3. Nf3 Nf6 4. Nc3 e6 5. Bg5 Nbd7 6. e3 Qa5 7. Nd2 dxc4 8.
Bxf6 Nxf6 9. Bxc4 Be7 10. O-O O-O 11. Nf3 b5 12. Bd3 Bb7 13. Ne4 Nxe4 14. Bxe4
Rfd8 15. Ne5 Rac8 16. Bxh7+ Kxh7 17. Qh5+ Kg8 18. Qxf7+ Kh8 19. Ng6+ Kh7 20.
Nxe7 b4 21. Nxc8 Bxc8 22. Rfc1 Qg5 23. Rxc6 Rd7 24. Qxe6 Rc7 25. Qxc8 Rxc8 26.
Rxc8 Qf5 27. Rac1 Qd3 28. R8c5 Qd2 29. R5c2 Qd3 30. b3 Kg6 31. Rc6+ Kh7 32.
R6c4 a5 33. g3 Qd2 34. R4c2 Qd3 35. Rb2 Kg6 36. Rbb1 Qd2 37. Ra1 Kh6 38. Rd1
Qc2 39. d5 Kg5 40. d6 Kg4 41. Rd4+ Kf3 42. Rf4+ Ke2 43. d7 Qd3 44. Rd4 Qf5 45.
Rd2+ Kxd2 46. d8=Q+ Kc2 47. Qd1+ Kc3 48. Rc1+ Kb2 49. Qd2+ Ka3 50. Ra1 Qc5 51.
Rc1 Qf5 52. Rc2 1-0

[Event "IV Torneo A Natale Vomero"]
[Site "Napoli ITA"]
[Date "2007.12.27"]
[Round "7"]
[White "Improta, Giovanni"]
[Black "Schiappoli, Dario"]
[Result "1/2-1/2"]
[WhiteElo "1918"]
[BlackElo "1929"]
[PlyCount "176"]
[EventDate "2007.11.15"]

1. d4 c5 2. d5 Nf6 3. c4 b5 4. b3 g6 5. Bb2 Bg7 6. Nd2 O-O 7. e4 bxc4 8. bxc4
d6 9. Be2 Qa5 10. Qc2 Na6 11. a3 Rb8 12. Bc3 Qc7 13. Ngf3 e5 14. O-O Nh5 15.
Rfb1 Nf4 16. Bf1 f5 17. Rxb8 Nxb8 18. Ng5 Qe7 19. Ngf3 fxe4 20. Nxe4 Bf5 21.
Re1 Nd7 22. Qa4 Bxe4 23. Rxe4 Nh3+ 24. gxh3 Rxf3 25. Bd2 Qf7 26. Re2 Nf6 27.
Bg2 Rf5 28. Qc6 Bf8 29. Qc8 Kg7 30. Be3 Nd7 31. Qa6 Nb6 32. a4 Qd7 33. a5 Qa4
34. Qxa7+ Nd7 35. Qa6 Rf7 36. Qb5 Qd1+ 37. Bf1 e4 38. Qb2+ Kg8 39. Qd2 Qa4 40.
Re1 Ne5 41. Bg2 Nxc4 42. Qe2 Nxa5 43. Bg5 Rf5 44. Bh4 e3 45. Bg3 exf2+ 46. Bxf2
Re5 47. Qf1 Bg7 48. Rxe5 Bxe5 49. Qa6 Qd1+ 50. Bf1 Qd2 51. Qc8+ Kg7 52. Qd7+
Kh6 53. Qg4 Qxd5 54. Be3+ Kg7 55. Qd7+ Qf7 56. Qb5 Bc3 57. Qa4 Qe6 58. Qf4
Qxe3+ 59. Qxe3 Bd4 60. Qxd4+ cxd4 61. Kf2 Kf6 62. Ke2 Ke5 63. Kd3 d5 64. Bg2
Nb3 65. Bf3 Nc5+ 66. Kd2 h5 67. Bg2 Ne4+ 68. Kd3 g5 69. Bf3 g4 70. hxg4 hxg4
71. Bg2 Nc5+ 72. Kd2 Ne4+ 73. Kd3 Nf2+ 74. Ke2 Nh3 75. Bh1 d3+ 76. Ke3 d4+ 77.
Kd2 Nf2 78. Bb7 Kf4 79. Ba6 Kg5 80. Ke1 Ne4 81. Bxd3 Kf4 82. Ke2 Nc3+ 83. Kf2
Nd1+ 84. Ke2 Nb2 85. Bb5 Kg5 86. Kd2 Kh4 87. Kc2 Kh3 88. Kxb2 Kxh2 1/2-1/2

[Event "IV Torneo A Natale Vomero"]
[Site "Napoli ITA"]
[Date "2007.12.27"]
[Round "7"]
[White "Rosato, Luciano"]
[Black "Chiummo, Sergio"]
[Result "1-0"]
[WhiteElo "2216"]
[BlackElo "1939"]
[PlyCount "139"]
[EventDate "2007.11.15"]

1. Nf3 Nf6 2. d4 e6 3. Bg5 Be7 4. c4 b6 5. Nc3 Bb7 6. Bxf6 Bxf6 7. e4 c5 8. e5
cxd4 9. Nb5 Be7 10. Bd3 d5 11. cxd5 Bxd5 12. O-O a6 13. Nbxd4 O-O 14. Rc1 Bc5
15. a3 Nd7 16. Re1 Bxd4 17. Nxd4 Nc5 18. Bf1 Qg5 19. b4 Ne4 20. Nf3 Qe7 21. Bd3
Ng5 22. Nd4 f6 23. Bc4 fxe5 24. Bxd5 exd5 25. Nc6 Qf6 26. Qxd5+ Kh8 27. Re2
Nh3+ 28. Kf1 Nf4 29. Qxe5 Nxe2 30. Qxe2 Rae8 31. Qd2 Qf4 32. Qxf4 Rxf4 33. f3
Rc8 34. Rd1 Rff8 35. Ne5 Kg8 36. Kf2 b5 37. Rd6 Rf6 38. Rd3 Rf5 39. Nd7 Rc2+
40. Kg3 Rg5+ 41. Kf4 Rgxg2 42. Ne5 Rc8 43. Rd6 g5+ 44. Kf5 Rf8+ 45. Ke6 Re2 46.
Rd5 Re3 47. Kd7 Rf5 48. Kd6 Rxa3 49. Ke6 Rf8 50. Nd7 Re8+ 51. Kd6 Rxf3 52.
Rxg5+ Kh8 53. Ne5 Rf6+ 54. Kc5 h6 55. Rh5 Kh7 56. Kd5 Rg8 57. Rh4 Rg5 58. Re4
Rh5 59. h4 Rff5 60. Ke6 Rf8 61. Ke7 Rc8 62. Kd7 Rg8 63. Ke7 Rf5 64. Nd7 Rg7+
65. Ke6 Rff7 66. Nf6+ Kh8 67. Rd4 Re7+ 68. Kf5 Rgf7 69. Rd8+ Kg7 70. Rg8# 1-0

[Event "X Open A"]
[Site "Pescara ITA"]
[Date "2007.11.16"]
[Round "1"]
[White "Bottega, Antonio"]
[Black "Milov, Leonid"]
[Result "0-1"]
[WhiteElo "1959"]
[BlackElo "2492"]
[PlyCount "68"]
[EventDate "2007.11.16"]

1. d4 Nf6 2. Nf3 c5 3. c3 d5 4. Bf4 Nc6 5. e3 Qb6 6. Qb3 c4 7. Qxb6 axb6 8. Ne5
b5 9. Na3 Ra5 10. Nc2 Bf5 11. Nxc6 bxc6 12. Nb4 Kd7 13. Be2 e6 14. O-O c5 15.
dxc5 Bxc5 16. Rfd1 Rc8 17. a3 Ke7 18. Bg5 h6 19. Bh4 g5 20. Bg3 Raa8 21. h3 Ne4
22. Bh2 Ba7 23. Bf3 Nc5 24. Bxd5 exd5 25. Nxd5+ Ke8 26. Nc7+ Rxc7 27. Bxc7 Bd3
28. Re1 Rc8 29. Bg3 Na4 30. Ra2 Bc2 31. Re2 Bb3 32. Ra1 Rd8 33. Rb1 Bd1 34. Re1
Bc2 0-1

[Event "X Open A"]
[Site "Pescara ITA"]
[Date "2007.11.16"]
[Round "1"]
[White "Di Primio, Eugenia"]
[Black "Cangiano, Federico"]
[Result "1/2-1/2"]
[WhiteElo "1654"]
[BlackElo "1962"]
[PlyCount "87"]
[EventDate "2007.11.16"]

1. e4 e6 2. d4 d5 3. Nc3 Bb4 4. e5 c5 5. a3 Bxc3+ 6. bxc3 Ne7 7. Qg4 O-O 8. Nf3
Nbc6 9. Bd3 f5 10. exf6 Rxf6 11. Bg5 Rf7 12. Ne5 Nxe5 13. dxe5 c4 14. Bxe7 Qxe7
15. Be2 Bd7 16. a4 a5 17. Qd4 Qe8 18. Qb6 Bxa4 19. Bg4 Ra6 20. Qb2 Bc6 21. O-O
b5 22. Qc1 Bd7 23. Qe3 Qe7 24. Rfb1 a4 25. Rb4 Ra8 26. g3 Rc8 27. Rbb1 Qc5 28.
Qxc5 Rxc5 29. f4 Kf8 30. h4 Ke7 31. Kf2 Rc8 32. Ke3 g6 33. Kd4 h6 34. Rf1 h5
35. Bf3 Rff8 36. Ra3 Rb8 37. Rb1 Rb7 38. Kc5 Rc8+ 39. Kb4 Kd8 40. Rd1 Kc7 41.
Ra2 Kb6 42. Raa1 Bc6 43. Bh1 Rd8 44. Rd4 1/2-1/2

[Event "X Open A"]
[Site "Pescara ITA"]
[Date "2007.11.16"]
[Round "1"]
[White "Dragojlovic, Andjelko"]
[Black "Santurbano, Maria Vincenza"]
[Result "1-0"]
[WhiteElo "2409"]
[BlackElo "1934"]
[PlyCount "35"]
[EventDate "2007.11.16"]

1. e4 e5 2. Nc3 Bb4 3. Bc4 Nf6 4. f4 d5 5. Nxd5 Nxd5 6. Bxd5 c6 7. Bb3 exf4 8.
Nf3 O-O 9. c3 Ba5 10. d4 Re8 11. e5 g5 12. h4 Bg4 13. hxg5 Bxf3 14. Qxf3 Qxd4
15. Bxf4 Nd7 16. Bxf7+ Kh8 17. g6 Nf6 18. Kf1 1-0

[Event "X Open A"]
[Site "Pescara ITA"]
[Date "2007.11.16"]
[Round "1"]
[White "Ljubisavljevic, Zivojin Z."]
[Black "Di Martino, Antonio"]
[Result "1-0"]
[WhiteElo "2319"]
[BlackElo "1899"]
[PlyCount "99"]
[EventDate "2007.11.16"]

1. d4 d5 2. c3 Nf6 3. Bg5 e6 4. Nd2 Be7 5. e3 O-O 6. Bd3 Nbd7 7. f4 h6 8. h4 c5
9. Bxf6 Nxf6 10. g4 cxd4 11. cxd4 e5 12. g5 Ng4 13. fxe5 Nxe3 14. Qf3 Ng4 15.
Ne2 h5 16. O-O-O Be6 17. Kb1 Rc8 18. Rc1 Qd7 19. Rxc8 Rxc8 20. Nb3 b6 21. Nf4
Bf5 22. Rc1 Bxd3+ 23. Qxd3 Rxc1+ 24. Nxc1 g6 25. e6 Qe8 26. exf7+ Qxf7 27.
Qxg6+ Qxg6+ 28. Nxg6 Bd6 29. Ne2 Ne3 30. Ngf4 Nf5 31. Nxh5 Nxh4 32. Nf6+ Kf7
33. Nxd5 Nf3 34. Kc2 Nxg5 35. Ndc3 Ke6 36. Nb5 Bb8 37. Kd3 Nf3 38. Nbc3 Ne1+
39. Kc4 a6 40. Nc1 Nc2 41. a4 Ne3+ 42. Kd3 Nd5 43. N1e2 Kd6 44. Nxd5 Kxd5 45.
Nc3+ Kc6 46. Kc4 Bf4 47. b4 Bh2 48. b5+ axb5+ 49. axb5+ Kd6 50. Nd5 1-0

[Event "X Open A"]
[Site "Pescara ITA"]
[Date "2007.11.16"]
[Round "1"]
[White "Marini, Lucio"]
[Black "Parrella, Alfredo"]
[Result "0-1"]
[WhiteElo "1860"]
[BlackElo "2133"]
[PlyCount "61"]
[EventDate "2007.11.16"]

1. c4 Nf6 2. Nc3 g6 3. g3 Bg7 4. Bg2 e5 5. d3 O-O 6. e3 d6 7. Nge2 Nbd7 8. Rb1
a5 9. b3 Nc5 10. h3 Bf5 11. e4 Bd7 12. O-O Qc8 13. Kh2 h6 14. a3 Ne6 15. Nd5
Kh7 16. Qd2 Nxd5 17. cxd5 Nc5 18. b4 axb4 19. axb4 Na4 20. f4 exf4 21. gxf4 Qd8
22. Kh1 Qh4 23. Rf3 Bg4 24. Re3 Bxe2 25. Rxe2 Nc3 26. Qc2 Nxb1 27. Qxb1 Ra1 28.
Qc2 Qxf4 29. Re1 Qg3 30. Qd2 Ra2 31. Re3 0-1

[Event "X Open A"]
[Site "Pescara ITA"]
[Date "2007.11.16"]
[Round "2"]
[White "Milov, Leonid"]
[Black "Ljubisavljevic, Zivojin Z."]
[Result "1-0"]
[WhiteElo "2492"]
[BlackElo "2319"]
[PlyCount "49"]
[EventDate "2007.11.16"]

1. e4 Nf6 2. e5 Nd5 3. d4 d6 4. Nf3 Bf5 5. Bd3 Bxd3 6. Qxd3 c6 7. e6 fxe6 8.
Ng5 Na6 9. O-O Nac7 10. Nxh7 Kd7 11. Ng5 Qe8 12. c4 Qh5 13. h3 Nf6 14. Nc3 g6
15. Rb1 Bg7 16. b4 Nh7 17. Nce4 Nxg5 18. Bxg5 Ke8 19. f4 Rf8 20. Rbe1 Qh8 21.
d5 cxd5 22. cxd5 Rf5 23. dxe6 Rd5 24. Qc2 Rc8 25. Nxd6+ 1-0

[Event "X Open A"]
[Site "Pescara ITA"]
[Date "2007.11.16"]
[Round "2"]
[White "Santurbano, Maria Vincenza"]
[Black "Di Cio', Enrico"]
[Result "0-1"]
[WhiteElo "1934"]
[BlackElo "1776"]
[PlyCount "92"]
[EventDate "2007.11.16"]

1. e4 e5 2. Nf3 Nc6 3. Bb5 a6 4. Ba4 Nf6 5. O-O b5 6. Bb3 Bc5 7. c3 d6 8. d4
exd4 9. cxd4 Bb6 10. h3 h6 11. Nc3 O-O 12. Bf4 Bb7 13. Bc2 Ne7 14. Re1 Ng6 15.
Bh2 Re8 16. Qd3 Nh7 17. Nd5 Bxd5 18. exd5 Qf6 19. a4 Rxe1+ 20. Rxe1 b4 21. h4
Nhf8 22. Qe4 a5 23. h5 Nh8 24. Bg3 g6 25. hxg6 Nhxg6 26. Qg4 Qg7 27. Bd3 Rd8
28. Bb5 Nh7 29. Re8+ Rxe8 30. Bxe8 Nf6 31. Qc8 Qf8 32. Bd7 Qxc8 33. Bxc8 Nxd5
34. Bb7 Ndf4 35. Kf1 h5 36. Bxf4 Nxf4 37. g3 Ne6 38. d5 Nc5 39. Bc6 Nd3 40. b3
Nc1 41. Nd2 Bd4 42. Ke1 Bc3 43. Kd1 Bxd2 44. Kxd2 Nxb3+ 45. Kd3 Kg7 46. Bd7
Nc5+ 0-1

[Event "X Open A"]
[Site "Pescara ITA"]
[Date "2007.11.17"]
[Round "3"]
[White "Biondi, Massimo"]
[Black "Guanciale, Orazio"]
[Result "0-1"]
[WhiteElo "1800"]
[BlackElo "2128"]
[PlyCount "73"]
[EventDate "2007.11.16"]

1. e4 e5 2. Nf3 f5 3. d4 fxe4 4. Nxe5 Nf6 5. Bg5 d6 6. Bxf6 Qxf6 7. Ng4 Qg5 8.
Ne3 c6 9. d5 Nd7 10. c4 Nf6 11. Nc3 Be7 12. Qc2 Qe5 13. Be2 O-O 14. O-O Bd8 15.
Rad1 Bb6 16. Qd2 Bxe3 17. Qxe3 c5 18. Rde1 Bf5 19. Bd1 Rae8 20. h3 a6 21. f4
Qd4 22. g4 Bd7 23. g5 Bxh3 24. Rf2 Ng4 25. Bxg4 Bxg4 26. b3 Bf3 27. Qc1 g6 28.
Ne2 Bxe2 29. Rexe2 e3 30. Rg2 Rxf4 31. Qe1 Rg4 32. Rxg4 Qxg4+ 33. Rg2 Qf4 34.
Qf1 Qe5 35. Qe2 Rf8 36. Qg4 Rf5 37. a4 0-1

[Event "X Open A"]
[Site "Pescara ITA"]
[Date "2007.11.17"]
[Round "3"]
[White "Di Martino, Antonio"]
[Black "Di Federico, Cristiano"]
[Result "1-0"]
[WhiteElo "1899"]
[BlackElo "1511"]
[PlyCount "53"]
[EventDate "2007.11.16"]

1. d4 d5 2. c4 Nf6 3. Nf3 Bf5 4. Bg5 e6 5. cxd5 exd5 6. Nc3 Be7 7. Qb3 Be4 8.
e3 Nbd7 9. Be2 Qc8 10. O-O c6 11. Rac1 O-O 12. h3 Re8 13. Bf4 a6 14. Ne5 Nf8
15. Ng4 Qe6 16. Nxf6+ Bxf6 17. Nxe4 dxe4 18. Qxb7 Ng6 19. Rxc6 Qxa2 20. Bc4 Qa5
21. Bxf7+ Kh8 22. b3 Qb5 23. Qxb5 axb5 24. Bxe8 Nxf4 25. exf4 Rxe8 26. Re1 h6
27. d5 1-0

[Event "X Open A"]
[Site "Pescara ITA"]
[Date "2007.11.17"]
[Round "3"]
[White "Dragojlovic, Andjelko"]
[Black "Milov, Leonid"]
[Result "1/2-1/2"]
[WhiteElo "2409"]
[BlackElo "2492"]
[PlyCount "41"]
[EventDate "2007.11.16"]

1. e4 c5 2. Nf3 e6 3. d3 Nc6 4. g3 d6 5. Bg2 Nf6 6. O-O Be7 7. Re1 O-O 8. c3
Bd7 9. d4 cxd4 10. cxd4 d5 11. Nc3 dxe4 12. Nxe4 Qb6 13. Ne5 Rad8 14. Nxf6+
Bxf6 15. Be3 Qxb2 16. Rb1 Qa3 17. Ng4 Be7 18. Rxb7 Qa6 19. Qb1 Na5 20. Rc7 Bd6
21. Bf1 1/2-1/2

[Event "X Open A"]
[Site "Pescara ITA"]
[Date "2007.11.17"]
[Round "3"]
[White "Ljubisavljevic, Zivojin Z."]
[Black "Stoja, Rocco"]
[Result "1-0"]
[WhiteElo "2319"]
[BlackElo "1763"]
[PlyCount "43"]
[EventDate "2007.11.16"]

1. d4 Nf6 2. Bg5 Ne4 3. Bf4 d6 4. f3 Nf6 5. e4 g6 6. Qd2 Bg7 7. Bh6 O-O 8. g4
e5 9. h4 Nc6 10. Bxg7 Kxg7 11. d5 Nd4 12. c3 Nxf3+ 13. Nxf3 Bxg4 14. Qg2 Bh5
15. Nbd2 Ng4 16. Qg1 f5 17. Ng5 Kg8 18. Ne6 Qe7 19. Nxf8 Rxf8 20. Be2 Qd7 21.
O-O-O f4 22. Bxg4 1-0

[Event "X Open A"]
[Site "Pescara ITA"]
[Date "2007.11.17"]
[Round "3"]
[White "Rebeggiani, Andrea"]
[Black "Vezzosi, Paolo"]
[Result "0-1"]
[WhiteElo "1990"]
[BlackElo "2323"]
[PlyCount "56"]
[EventDate "2007.11.16"]

1. e4 c5 2. Nc3 Nc6 3. f4 e6 4. Nf3 Nf6 5. d3 a6 6. g3 d6 7. Bg2 Be7 8. O-O O-O
9. h3 b5 10. g4 h6 11. Ne2 Bb7 12. Ng3 Qc7 13. g5 hxg5 14. Nxg5 Rae8 15. h4 Bd8
16. b3 b4 17. Bb2 Nd4 18. c3 bxc3 19. Bxc3 Qe7 20. Bxd4 cxd4 21. Nh5 Nh7 22.
Nxg7 Kxg7 23. Nxh7 Kxh7 24. Qh5+ Kg7 25. Qg4+ Kh6 26. Rf3 Rg8 27. Qh3 f5 28.
Kh2 Rg4 0-1

[Event "X Open A"]
[Site "Pescara ITA"]
[Date "2007.11.17"]
[Round "4"]
[White "D'Andreamatteo, Antonio"]
[Black "Ljubisavljevic, Zivojin Z."]
[Result "0-1"]
[WhiteElo "1856"]
[BlackElo "2319"]
[PlyCount "90"]
[EventDate "2007.11.16"]

1. c4 e5 2. g3 f5 3. Bg2 Nf6 4. d3 Bb4+ 5. Bd2 Bxd2+ 6. Qxd2 O-O 7. Nc3 d6 8.
e3 f4 9. O-O-O fxe3 10. fxe3 Nc6 11. Nh3 Bg4 12. Rdf1 Qd7 13. Ng5 Bf5 14. Nd5
h6 15. Nxf6+ Rxf6 16. Bd5+ Kh8 17. Ne4 Rff8 18. Nf2 Rab8 19. Be4 Ne7 20. Bxf5
Nxf5 21. Ne4 b5 22. cxb5 d5 23. Nc3 d4 24. exd4 exd4 25. Ne2 Qxb5 26. Kb1 c5
27. g4 Ne3 28. Rxf8+ Rxf8 29. Ng3 Nxg4 30. Rf1 Rxf1+ 31. Nxf1 Ne5 32. Qf4 Qxd3+
33. Kc1 Nf3 34. Ng3 Qe3+ 35. Qxe3 dxe3 36. h3 g5 37. Kd1 Ng1 38. Nf5 e2+ 39.
Ke1 Kh7 40. h4 Kg6 41. Ne7+ Kf6 42. Nd5+ Ke5 43. hxg5 hxg5 44. Ne3 Ke4 45. Ng2
Kf3 0-1

[Event "X Open A"]
[Site "Pescara ITA"]
[Date "2007.11.17"]
[Round "4"]
[White "Milov, Leonid"]
[Black "Parrella, Alfredo"]
[Result "1-0"]
[WhiteElo "2492"]
[BlackElo "2133"]
[PlyCount "85"]
[EventDate "2007.11.16"]

1. e4 c5 2. Nf3 Nc6 3. d4 cxd4 4. Nxd4 e6 5. Nc3 Qc7 6. f4 a6 7. Nxc6 bxc6 8.
Bd3 d5 9. O-O Nf6 10. Kh1 Be7 11. Qf3 Bb7 12. f5 e5 13. Qg3 Kf8 14. b3 h6 15.
Bd2 Kg8 16. Rae1 Bd6 17. Qh4 Be7 18. Qh3 Rd8 19. Re2 Re8 20. Be1 Nh7 21. Qg3
Bg5 22. h4 Bf4 23. Qf2 d4 24. Na4 Be3 25. Qf3 c5 26. Nb2 Ng5 27. Qg4 h5 28.
Qxg5 Bxg5 29. hxg5 g6 30. fxg6 fxg6 31. Rf6 Kg7 32. Nc4 Rhf8 33. Bh4 Rxf6 34.
gxf6+ Kf7 35. Nd2 Bc8 36. Nf3 Bg4 37. Bc4+ Kf8 38. Rf2 Bxf3 39. Rxf3 Qh7 40.
Bg5 Ra8 41. Bh4 Qh6 42. Bg3 Qc1+ 43. Rf1 1-0

[Event "X Open A"]
[Site "Pescara ITA"]
[Date "2007.11.18"]
[Round "5"]
[White "Bottega, Antonio"]
[Black "Di Federico, Cristiano"]
[Result "1-0"]
[WhiteElo "1959"]
[BlackElo "1511"]
[PlyCount "49"]
[EventDate "2007.11.16"]

1. e4 c5 2. Nf3 d6 3. d4 cxd4 4. Nxd4 Nc6 5. Nc3 a6 6. Be2 Nf6 7. O-O e6 8. Be3
Be7 9. f4 Qc7 10. Bf3 Nd7 11. Qd2 Nb6 12. b3 Bd7 13. Nce2 Bf6 14. Rad1 Be7 15.
Kh1 h6 16. c4 O-O-O 17. Nc3 Rhg8 18. Ncb5 axb5 19. Nxb5 Nxc4 20. bxc4 Qa5 21.
Qf2 Qb4 22. Rb1 Qxc4 23. Rfc1 Qa4 24. Ba7 Be8 25. Qb6 1-0